Statystyki dla Znaki zodiaku według zdjęć

Kliknij tutaj aby rozwiązać quiz!

Ogólne statystyki

  • Ten quiz został rozwiązany 354 razy
  • Średni wynik to 11 z 12

Statystyki odpowiedzi

Odpowiedź% Poprawnych
Lew
100%
Waga
96%
Bliźnięta
95%
Panna
95%
Skorpion
95%
Byk
94%
Rak
94%
Strzelec
94%
Baran
90%
Ryby
88%
Koziorożec
84%
Wodnik
76%

Rozkład punktacji

Percentyl według liczby udzielonych odpowiedzi

Procent ludzi z każdym wynikiem

Twoja historia wyników

Nie rozwiązałeś tego quizu